000 00850nam a2200265Ia 4500
003 OSt
005 20220928112527.0
006 a|||||r|||| 00| 0
007 ta
008 220927b |||||||| |||| 00| 0 eng d
020 _c2174.5500000000002
024 _a125080
037 _b017, 01/10/2014, Excel Book International
_cTextual
040 _aSDCL
_cSDCL
_beng
041 _2eng
_aeng
082 _aR6, Q1
100 _aSidertis Mark
_9428583
245 0 _aSelf,no self ?
_bPerspectives from analytical ,phenomenological,& indian traditions
260 _aUK
_bOxford University Press
_c2013
300 _aix-337P
_ccm.
650 _aPhilosophy
700 _a Thompson Evan Ed.
_9428584
942 _hR6, Q1
_cTEXL
_2CC
999 _c745132
_d745132